| 000 | 01010nam a2200205 a 4500 | ||
|---|---|---|---|
| 001 | 000491164 | ||
| 003 | AM-YeHGA | ||
| 005 | 20250618072628.0 | ||
| 008 | 060602|1864 ai | |||||||||||||arm|d | ||
| 040 | _aAM-YeHGA | ||
| 100 | 1 |
_aՎարժապետեան, Ներսէս _cԵպիսկոպոս _95364 |
|
| 245 | 1 | 0 |
_aՔրիստոսի Սուրբ եկեղեցին ու անոր հակառակորդները / _cՆ. Եպս. Վարժապետեան. |
| 260 |
_aԿ. Պոլիս : _bտպ. Յովհաննու Միւհէնտիսեան, _c1864. |
||
| 300 |
_a26 էջ ; _c17 սմ. |
||
| 500 | _aՀրամանաւ Ամենապատիւ Տ.Տ. Պօղոսի Սրբազան Արքեպիսկոպոսի եւ ազգասէր Պատրիարքի Կ. Պօլսոյ եւ Ազգային կրօնական ժողովոյ | ||
| 650 | 1 | 4 | _aՔրիստոնեական եկեղեցի |
| 856 | 4 | 1 |
_uhttp://greenstone.flib.sci.am/gsdl/collect/haygirq/book/qristosi_surb_ekexecin.pdf _yԿարդալ առցանց |
| 942 |
_2udc _cBK |
||
| 090 | _c182446 | ||
| 999 |
_c180995 _d180995 |
||